Guia docent
Descripción Física:
2 vols. ; 21 cm
Idioma:
Catalán
MARC
| LEADER | 00000nam a22000007a 4500 | ||
|---|---|---|---|
| 001 | 28361 | ||
| 003 | AGDB | ||
| 005 | 20260324181520.0 | ||
| 008 | 231127b spa||||| |||| 00| 0 cat d | ||
| 040 | |a agdb |b cat | ||
| 110 | 2 | |9 70055 |a Escola Superior d'Agricultura de Barcelona | |
| 245 | |a Guia docent | ||
| 260 | |a Barcelona : |b Diputació de Barcelona ; |c 1995-1997 | ||
| 300 | |a 2 vols. ; |c 21 cm | ||
| 556 | |a Prové de: 201-Escola Universitària d’Enginyeria Tècnica Industrial de Barcelona (EUETIB) (1908-1998) | ||
| 610 | 0 | |9 70057 |a Escola Superior d'Agricultura de Barcelona |x Currículums | |
| 710 | 2 | |9 70056 |a Escola Universitària d'Enginyeria Tècnica Agrícola de Barcelona | |
| 942 | |2 udc |c ARXIU |n 1 | ||
| 952 | |0 0 |1 0 |4 0 |6 FU7631 |7 1 |9 96468 |a Arxiu |b Arxiu |d 2023-11-27 |h Curs 1995-1996 |l 0 |o FU-76-31 |p 28361 |r 2023-11-27 00:00:00 |w 2023-11-27 |y ARXIU | ||
| 952 | |0 0 |1 0 |4 0 |6 FU7632 |7 1 |9 96469 |a Arxiu |b Arxiu |d 2023-11-27 |h Curs 1996-1997 |l 0 |o FU-76-32 |p 28362 |r 2023-11-27 00:00:00 |w 2023-11-27 |y ARXIU | ||
| 999 | |c 128290 |d 128290 | ||